[Event "K41 Aabent Mesterskab 2010-2011"]
[Site "Valby"]
[Date "2011.03.01"]
[Round "9"]
[White "Wadtland, Flemming"]
[Black "Truelsen, Ole Illum"]
[Result "1/2-1/2"]
[WhiteElo "1324"]
[BlackElo "1761"]
[PlyCount "42"]
[EventDate "2010.??.??"]

1. Nf3 d5 2. c4 e6 3. d4 f5 4. Bf4 c6 5. e3 Nf6 6. a3 a5 7. Nfd2 Nbd7 8. Nc3
Be7 9. cxd5 exd5 10. Bd3 g6 11. h3 O-O 12. g4 Ne4 13. Qb3 Kh8 14. gxf5 gxf5 15.
Ncxe4 fxe4 16. Be2 a4 17. Qd1 Bg5 18. Bg3 Bh4 19. Nf1 Qf6 20. Rh2 Bxg3 21. fxg3
Nb6 1/2-1/2

[Event "K41 Aabent Mesterskab 2010-2011"]
[Site "Valby"]
[Date "2011.03.08"]
[Round "10"]
[White "Andreassen, Mikkel"]
[Black "Christensen, Esben"]
[Result "0-1"]
[WhiteElo "1726"]
[BlackElo "2018"]
[PlyCount "82"]
[EventDate "2010.??.??"]

1. d4 Nf6 2. c4 c5 3. d5 b5 4. cxb5 a6 5. bxa6 Bxa6 6. Nc3 g6 7. g3 d6 8. Bg2
Bg7 9. Nf3 O-O 10. O-O Nbd7 11. Rb1 Qa5 12. Bd2 Ng4 13. Qc2 Nge5 14. b3 Rfb8
15. h3 c4 16. b4 Rxb4 17. Ne4 Qa4 18. Qxa4 Rxa4 19. Nc3 Ra3 20. Ne1 Nf3+ 21.
Nxf3 Bxc3 22. Bxc3 Rxc3 23. Nd4 Ra3 24. Rb2 Nc5 25. Rfb1 c3 26. Rc2 Bc4 27. Nb5
Bxb5 28. Rxb5 Rxa2 29. Rxc3 Rxe2 30. Re3 Ra1+ 31. Bf1 Rd2 32. Kg2 Raa2 33. Rf3
Ne4 34. Bd3 Nxf2 35. Bb1 Ne4+ 36. Kg1 Rg2+ 37. Kf1 Raf2+ 38. Rxf2 Rxf2+ 39. Ke1
Re2+ 40. Kxe2 Nc3+ 41. Ke3 Nxb5 0-1

[Event "K41 Aabent Mesterskab 2010-2011"]
[Site "Valby"]
[Date "2011.03.08"]
[Round "10"]
[White "Gjelstrup, Ole"]
[Black "Nielsen, Soren Skovso"]
[Result "0-1"]
[WhiteElo "1551"]
[BlackElo "1641"]
[PlyCount "62"]
[EventDate "2010.??.??"]

1. d4 Nf6 2. Nf3 e6 3. Nbd2 d5 4. e3 Be7 5. b3 O-O 6. Bd3 Nbd7 7. Bb2 a6 8. O-O
b6 9. Ne5 Nxe5 10. dxe5 Nd7 11. c4 Nc5 12. Bc2 dxc4 13. Nxc4 Bb7 14. Qh5 g6 15.
Qg4 a5 16. Rad1 Qc8 17. f4 b5 18. Nd6 cxd6 19. exd6 f5 20. Qh3 Bf6 21. Be5 Nd7
22. Rc1 Qd8 23. g4 Bxe5 24. gxf5 exf5 25. fxe5 Nxe5 26. Qg3 Qxd6 27. Rcd1 Qe7
28. Bxf5 Nf3+ 29. Rxf3 Bxf3 30. Rd7 Qxe3+ 31. Kf1 Rxf5 0-1

[Event "K41 Aabent Mesterskab 2010-2011"]
[Site "Valby"]
[Date "2011.03.08"]
[Round "10"]
[White "Hansen, Jakob"]
[Black "Morkore, Thomas"]
[Result "1/2-1/2"]
[WhiteElo "1895"]
[BlackElo "1897"]
[PlyCount "43"]
[EventDate "2010.??.??"]

1. e4 e6 2. d4 d5 3. Nc3 Bb4 4. Nge2 dxe4 5. a3 Bxc3+ 6. Nxc3 Nc6 7. Be3 Nf6 8.
g4 e5 9. d5 Ne7 10. Bb5+ Bd7 11. d6 Nc6 12. g5 Ng4 13. Nxe4 Nxe3 14. fxe3 O-O
15. Qf3 Nd4 16. exd4 Bxb5 17. O-O-O exd4 18. Rxd4 Bc6 19. Rhd1 Bxe4 20. Qxe4
Qxg5+ 21. Kb1 cxd6 22. Rxd6 1/2-1/2

[Event "K41 Aabent Mesterskab 2010-2011"]
[Site "Valby"]
[Date "2011.03.08"]
[Round "10"]
[White "Krogh, Soren"]
[Black "Hojland, Ulrik"]
[Result "0-1"]
[WhiteElo "1274"]
[BlackElo "1813"]
[PlyCount "58"]
[EventDate "2010.??.??"]

1. d4 Nf6 2. c4 c5 3. d5 e6 4. Nc3 exd5 5. cxd5 d6 6. e4 g6 7. f4 Nfd7 8. Nf3
Bg7 9. Be2 O-O 10. O-O Re8 11. Qc2 Na6 12. a3 Nc7 13. Rb1 a6 14. Re1 b5 15. Nd1
a5 16. Nf2 b4 17. axb4 axb4 18. Bd2 Ba6 19. Bf1 Bxf1 20. Kxf1 Ra2 21. Nd3 Nb5
22. Qc4 Qa5 23. h3 Nd4 24. Ng5 Nb6 25. Qc1 Qb5 26. Re3 Nc4 27. Rg3 h6 28. Nf3
Rxe4 29. Kg1 Ne2+ 0-1

[Event "K41 Aabent Mesterskab 2010-2011"]
[Site "Valby"]
[Date "2011.03.08"]
[Round "10"]
[White "Moller, Arne Vagn"]
[Black "Ertbjerg, Per"]
[Result "0-1"]
[WhiteElo "1793"]
[BlackElo "1925"]
[PlyCount "72"]
[EventDate "2010.??.??"]

1. e4 c5 2. b3 Nf6 3. d3 Nc6 4. Bb2 e6 5. Nf3 d5 6. Nbd2 Be7 7. c3 O-O 8. g3
Qc7 9. Bg2 Rd8 10. Qc2 b5 11. a3 Bb7 12. O-O Rac8 13. Rac1 a5 14. Rfe1 b4 15.
e5 Nd7 16. axb4 axb4 17. d4 bxc3 18. Bxc3 Qb6 19. Qb2 Ba6 20. Ra1 Rb8 21. Ra2
Bd3 22. Bf1 Bxf1 23. Rxf1 Rdc8 24. Kg2 cxd4 25. Nxd4 Ncxe5 26. Rfa1 Nd3 27. Ba5
Qxa5 28. Rxa5 Nxb2 29. Ra7 Bc5 30. Rxd7 Bxd4 31. Nf3 Bc5 32. Ne5 f6 33. Ng4 Nd3
34. Ra6 Re8 35. Rc7 Rxb3 36. Rac6 h5 0-1

[Event "K41 Aabent Mesterskab 2010-2011"]
[Site "Valby"]
[Date "2011.03.08"]
[Round "10"]
[White "Nicolaisen, Jeppe"]
[Black "Abildgaard, Kenneth"]
[Result "1/2-1/2"]
[WhiteElo "2004"]
[BlackElo "1939"]
[PlyCount "83"]
[EventDate "2010.??.??"]

1. d4 d5 2. Nc3 Bf5 3. Bg5 Nf6 4. Bxf6 exf6 5. e3 Bb4 6. Bd3 Be4 7. Bxe4 Bxc3+
8. bxc3 dxe4 9. Qg4 O-O 10. Qxe4 c6 11. Ne2 Nd7 12. O-O Nb6 13. Qd3 Qd5 14. Nf4
Qc4 15. a4 Rfd8 16. a5 Qxd3 17. cxd3 Nc8 18. e4 Nd6 19. c4 b5 20. cxb5 cxb5 21.
Nd5 Kf8 22. Rfc1 Rac8 23. Rc5 Nb7 24. Rxb5 Nd6 25. Rb2 Nf5 26. exf5 Rxd5 27. g3
Rxf5 28. Rb7 a6 29. Ra2 Rd5 30. Rb6 Ra8 31. Ra4 Ke7 32. Kg2 Rb5 33. Rc6 Kd7 34.
Rc5 Rb3 35. Rac4 Ra7 36. Rc3 Rb5 37. Kf3 Rab7 38. Rxb5 Rxb5 39. Rc5 Rb3 40. Ke4
Rb2 41. Ke3 Ra2 42. h4 1/2-1/2

[Event "K41 Aabent Mesterskab 2010-2011"]
[Site "Valby"]
[Date "2011.03.08"]
[Round "10"]
[White "Nielsen, Michael"]
[Black "Jorgensen, Rasmus"]
[Result "1-0"]
[WhiteElo "2062"]
[BlackElo "2075"]
[PlyCount "101"]
[EventDate "2010.??.??"]

1. d4 g6 2. Bf4 Bg7 3. Nf3 Nf6 4. h3 O-O 5. e3 c5 6. c3 cxd4 7. cxd4 Nc6 8. Nc3
d6 9. Bd3 Bd7 10. O-O Qa5 11. a3 Nd5 12. Nxd5 Qxd5 13. Qe2 Rac8 14. b4 Qh5 15.
Bg5 e5 16. d5 Nd8 17. Rac1 f5 18. Bxd8 Rfxd8 19. Bb5 e4 20. Bxd7 exf3 21. Be6+
Kh8 22. Qxf3 Qxf3 23. gxf3 Rxc1 24. Rxc1 Bb2 25. Rc7 Bxa3 26. Rxb7 Ra8 27. Kg2
a5 28. bxa5 Rxa5 29. Kg3 Bc5 30. e4 fxe4 31. fxe4 Ra4 32. f3 Ra1 33. Kf4 Bd4
34. Kg5 Rg1+ 35. Bg4 Kg8 36. Rd7 Be3+ 37. Kf6 Bd4+ 38. Ke7 Bc5 39. Rc7 Ba3 40.
Rc3 Bb4 41. Rc4 Ba3 42. Ra4 Bc5 43. Kf6 Ra1 44. Rxa1 Bd4+ 45. Ke7 Bxa1 46. Kxd6
Kf7 47. Bd7 Bc3 48. e5 Kf8 49. Bb5 g5 50. e6 Bb4+ 51. Kd7 1-0

[Event "K41 Aabent Mesterskab 2010-2011"]
[Site "Valby"]
[Date "2011.03.08"]
[Round "10"]
[White "Porte, Henrik"]
[Black "Nielsen, John Holm"]
[Result "1/2-1/2"]
[WhiteElo "2105"]
[BlackElo "2019"]
[PlyCount "112"]
[EventDate "2010.??.??"]

1. d4 d5 2. c4 c6 3. Nf3 Nf6 4. Nc3 dxc4 5. a4 Bf5 6. Ne5 e6 7. f3 Bb4 8. e4
Bxe4 9. fxe4 Nxe4 10. Bd2 Qxd4 11. Nxe4 Qxe4+ 12. Qe2 Bxd2+ 13. Kxd2 Qd5+ 14.
Kc2 Na6 15. Qe1 f6 16. Nxc4 O-O-O 17. Ra3 Rhe8 18. Kb1 Qd1+ 19. Qxd1 Rxd1+ 20.
Kc2 Red8 21. Ne3 R1d2+ 22. Kc1 Nc5 23. Bc4 R2d4 24. Rd1 e5 25. b4 Ne4 26. Rxd4
exd4 27. Nc2 b6 28. a5 Kb7 29. axb6 axb6 30. Ba6+ Kb8 31. Be2 c5 32. bxc5 bxc5
33. Ne1 Rd7 34. Kc2 Nd6 35. Bf3 Ra7 36. Rxa7 Kxa7 37. Bd5 Kb6 38. Kd3 Kc7 39.
Nf3 Nf5 40. Nd2 Ne3 41. Bf3 f5 42. h4 Kd7 43. Nc4 Nxc4 44. Kxc4 Kd6 45. Bd5 Ke5
46. Kxc5 g6 47. Bf3 h6 48. Kc4 g5 49. hxg5 hxg5 50. Kd3 g4 51. Bd1 Kf4 52. Ba4
Kg3 53. Bc6 f4 54. Kxd4 f3 55. gxf3 gxf3 56. Bxf3 Kxf3 1/2-1/2

[Event "K41 Aabent Mesterskab 2010-2011"]
[Site "Valby"]
[Date "2011.03.08"]
[Round "10"]
[White "Rasmussen, Morten(1956)"]
[Black "Ibsen, Johan"]
[Result "1/2-1/2"]
[WhiteElo "1707"]
[BlackElo "1610"]
[PlyCount "55"]
[EventDate "2010.??.??"]

1. d4 Nf6 2. c4 c5 3. Nf3 cxd4 4. Nxd4 g6 5. Nc3 Bg7 6. e4 d6 7. Be2 O-O 8. Be3
b6 9. O-O Bb7 10. f3 Nbd7 11. Qd2 Rc8 12. Rfc1 Ne5 13. b3 a6 14. a4 e6 15. Rd1
Re8 16. Rac1 Qc7 17. Bf1 Red8 18. Qf2 Nfd7 19. Bg5 Re8 20. Qb2 h6 21. Bh4 Nf6
22. Nde2 Red8 23. Qd2 Kh7 24. Bf2 Rd7 25. Bd4 Nc6 26. Be3 Ne5 27. Qe1 Rdd8 28.
Qd2 1/2-1/2

[Event "K41 Aabent Mesterskab 2010-2011"]
[Site "Valby"]
[Date "2011.03.08"]
[Round "10"]
[White "Sorensen, Dick"]
[Black "Truelsen, Ole Illum"]
[Result "1/2-1/2"]
[WhiteElo "1917"]
[BlackElo "1761"]
[PlyCount "47"]
[EventDate "2010.??.??"]

1. d4 e6 2. Nf3 f5 3. g3 d5 4. Bg2 Bd6 5. O-O Nd7 6. c4 c6 7. b3 Qe7 8. Qc2
Ngf6 9. cxd5 cxd5 10. Bb2 O-O 11. Nbd2 Ne4 12. e3 b6 13. Rfc1 Ba6 14. Qd1 Rac8
15. Rxc8 Rxc8 16. Rc1 Qf6 17. Bf1 Rxc1 18. Qxc1 Bb7 19. Bb5 Nb8 20. Ne5 a6 21.
Be2 Qe7 22. f4 Nxd2 23. Qxd2 Nd7 24. Nxd7 1/2-1/2